Metodika prípravy a priebehu seminára

Úloha a funkcie seminára v procese výučby. Druhy seminárov a ich charakteristika. Príprava učiteľa na seminár.

Gespeichert in:
Bibliographische Detailangaben
1. Verfasser: Táncošová, Judita
Format: Buchkapitel
Sprache:Slowakisch
Schlagworte:
Tags: Tag hinzufügen
Keine Tags, Fügen Sie das erste Tag hinzu!

MARC

LEADER 00000naa$a2200000$$$4500
001 0002228
005 20230918082310.8
041 0 |a slo 
044 |a SK 
245 1 0 |a Metodika prípravy a priebehu seminára  |c Judita Táncošová 
520 |a Úloha a funkcie seminára v procese výučby. Druhy seminárov a ich charakteristika. Príprava učiteľa na seminár. 
610 2 0 |a metodika 
610 2 0 |a semináre 
610 2 0 |a učitelia 
610 2 0 |a vyučovanie 
610 2 0 |a vzdelávanie 
610 2 0 |a pedagogika 
100 1 |a Táncošová, Judita